000 00590nam a2200217Ia 4500
005 20250425161329.0
008 250425s9999 xx 000 0 und d
041 _aeng
082 _a001.642
_pMET
100 _aMetzger, Philip W.
245 0 _aManaging a programming project
_cPhilip W. Metzger
250 _aS.E.
260 _aEnglewood Cliffs
_bPrentice Hall
_c1981
260 _aS.L.
300 _a244 páginas
_c23.50 cm.
504 _aIncluye referencia bibliográfica
650 _aProgramming project
902 _aMonográfico
_cImpreso
942 _c01
010 _a17905
999 _c207073
_d207073